Αρχές Χημείας : η αναζήτηση της γνώσης

Αποθηκεύτηκε σε:
Λεπτομέρειες βιβλιογραφικής εγγραφής
Κύριος συγγραφέας: Atkins, P. W. (Peter William), 1940-
Άλλοι συγγραφείς: Jones, Loretta, Laverman, Leroy, Κουτσούκος, Πέτρος (Επιμελητής έκδοσης)
Μορφή: Βιβλίο
Γλώσσα:Greek
Δημοσίευση: Αθήνα : Utopia, 2018.
Θέματα:
Ετικέτες: Προσθήκη ετικέτας
Δεν υπάρχουν, Καταχωρήστε ετικέτα πρώτοι!

MARC

LEADER 00000cam a2200000 a 4500
001 1/121745
008 200716s2018####gr a|||||| |||| ||gre||
020 |a 9786185173388 
040 |a GR-MyUa  |b gre  |c GR-MyUa  |e AACR2 
041 1 |a gre 
082 7 |a 540  |2 (23) 
100 1 |a Atkins, P. W.   |q (Peter William),   |d 1940- 
245 1 0 |a Αρχές Χημείας :   |b η αναζήτηση της γνώσης /   |c Peter Atkins, Loretta Jones, Leroy Laverman ; γενική επιστημονική επιμέλεια της ελληνικής έκδοσης: Πέτρος Κουτσούκος ; απόδοση στην ελληνική γλώσσα: Καλλιόπη (Κέλλυ) Βελώνια … [κ.ά.].  
260 |a Αθήνα :   |b Utopia,   |c 2018.  
300 |a xxiv, 1176 σ. ;   |c 29 εκ.  
500 |a Τίτλος πρωτοτύπου: Chemical principles: the quest for insight.  
650 0 |a Chemistry. 
700 1 |a Jones, Loretta. 
700 1 |a Laverman, Leroy. 
700 1 |a Κουτσούκος, Πέτρος,  |e edt 
852 |a INST  |b LESVOS  |c EUDOXUS  |e 20200716  |h 540 ATK  |p 005100062285  |q 005100062285  |t EDX  |y 0 
920 |a Εύδοξος  |b Παραγγελία  |y Λέσβος-ΤΠ  |z 2020-07 
970 |a Δημάκη  |b Μαρία  |z 16-07-2020